|
|
|
|
| LEADER |
01411nam a22002897a 4500 |
| 001 |
29834 |
| 003 |
BD-DhAAL |
| 005 |
20160425103143.0 |
| 008 |
160425s2013 bg ||||| |||| 00| 0 eng d |
| 040 |
|
|
|a BD-DhAAL
|c BD-DhAAL
|
| 082 |
|
|
|2 22
|a 551.63095492
|
| 245 |
|
|
|a Development of four decade long climate scenario and trend :
|b temperature, rainfall, sunshine and humidity : study report /
|c M Shahjahan Mondal; A K M Saiful Islam; Malay Krishna Madhu; Sanjib Kumar Saha; Bangladesh University of Engineering and Technology. Institute of Water and Flood Management
|
| 260 |
|
|
|a Dhaka :
|b Comprehensive Disaster Management Programme, (CDMP II),
|c 2013.
|
| 300 |
|
|
|a vi, 143 pages :
|b illustrations ;
|c 28 cm.
|
| 504 |
|
|
|a Includes bibliographical references (pages 140-143)
|
| 541 |
|
|
|e 29834
|
| 650 |
|
|
|a Climatic changes
|x Forecasting
|z Bangladesh
|9 19236
|
| 700 |
|
|
|a Mondal, M Shahjahan
|9 19237
|
| 700 |
|
|
|a Islam, A K M Saiful
|9 19238
|
| 700 |
|
|
|a Madhu, Malay Krishna
|9 19239
|
| 700 |
|
|
|a Saha, Sanjib Kumar
|9 19240
|
| 710 |
|
|
|a Bangladesh University of Engineering and Technology
|9 19241
|
| 710 |
|
|
|a Institute of Water and Flood Management
|9 19242
|
| 852 |
|
|
|a Ayesha Abed Library
|c General Stacks
|
| 942 |
|
|
|2 ddc
|c BK
|
| 999 |
|
|
|c 37477
|d 37477
|
| 952 |
|
|
|0 0
|1 0
|2 ddc
|4 0
|6 551_630954920000000_DEV
|7 0
|9 58842
|a BRACUL
|b BRACUL
|c GEN
|d 2016-04-25
|l 0
|o 551.63095492 DEV
|p 3010029834
|r 2016-04-25
|t 1
|w 2016-04-25
|y BK
|